000
00197nam a2200085Ia 4500
008
170620s9999 xx 000 0 und d
100
_a
UNIVERSAL
245
0
_a
SPECIFIC RELIEF ACT-1963
260
_b
ULP ALLAHABAD
260
_c
1979
999
_c
30393
_d
30393